LEADER 00915cam2 22002651 450 001 SOBE00044378 005 20140717134611.0 100 $a20140717d1964 |||||ita|0103 ba 101 $aeng 102 $aDE 200 0 $a2$fIsaac Newton 205 $aFaksimile-Neudruck der Ausgabe von Samuel Horsley, London 1779 210 $aStuttgart-Bad Cannstatt$cFriedrich Frommann Verlag-Günther Holzboog$d1964 215 $aXXV,459 p.$cill.$d19 cm 461 1$1001E600200031768$12001 $aOpera quae exstant omnia / Isaac Newton 700 1$aNewton$b, Isaac$3A600200030933$4070$04135 801 0$aIT$bUNISOB$c20140717$gRICA 850 $aUNISOB 852 $aUNISOB$j500$m66056 912 $aSOBE00044378 940 $aM 102 Monografia moderna SBN 941 $aW 957 $a500$b000214$i-2$gSI$d66056$racquisto$1bethb$2UNISOB$3UNISOB$420140717134157.0$520140717134223.0$6bethb 996 $a2$91710451 997 $aUNISOB LEADER 01037nam0 22002651i 450 001 RML0252511 005 20231121125711.0 010 $a8813189109 100 $a20121121d1994 ||||0itac50 ba 101 | $aita 102 $ait 181 1$6z01$ai $bxxxe 182 1$6z01$an 200 1 $aCodice commentato della imposizione fiscale sulle societa' e annuario fiscale delle societa' 1993$eindic 210 $aPadova $cCedam $d1994 606 $aDiritto tributario$2FIR$3RMLC019653$9I 700 1$aVinci$b, Calogero$3RMLV151899$0107166 801 3$aIT$bIT-01$c20121121 850 $aIT-FR0098 899 $aBiblioteca Area Giuridico Economica$bFR0098 912 $aRML0252511 950 0$aBiblioteca Area Giuridico Economica$d 53DSG COD/023.1$e 53VM 0000233965 VM barcode:20586-10. - Inventario:3637VM$fA $h20010423$i20121204 977 $a 53 996 $aCodice commentato della imposizione fiscale sulle società e annuario fiscale delle società 1993$9195387 997 $aUNICAS